00595 2200229 4500001002100000005001500021035002000036245004900056100002100105250000600126300003500132260004300167082001000210084001600220020002200236650002200258990001700280990001700297990001700314990001700331990001700348INLIS00000000000024720180921112348 a0010-09180001011 aLetjen Oerip Soemohardjo /cDrs. Amrin Imran0 aDrs. Amrin Imran a- aiv, 72 hlm. :bilus. ;c21 cm. aJakarta :bMutiara Sumber Widya,c2010 a923.5 a923.5 AMR l a978-979-9331-12-9 aBiografi Pahlawan a01021/P/2018 a01022/P/2018 a01023/P/2018 a01024/P/2018 a01025/P/2018